| 000 | 00689nam a2200205 i 4500 | ||
|---|---|---|---|
| 001 | 57551 | ||
| 003 | ES-MaACL | ||
| 005 | 20250712032638.0 | ||
| 007 | t| | ||
| 008 | 031016m19611962sp ||||1| spa d | ||
| 100 | 1 |
_aDomínguez Barbera, Martín. _945190 |
|
| 245 | 1 | 3 |
_aEl tradicionalismo de un republicano / _cMartín Domínguez Barbera. |
| 260 |
_a[Sevilla] : _bMontejurra, _c1961-1962. |
||
| 300 |
_a3 v. ; _c18 cm. |
||
| 505 | 0 | _a1. Vicente Blasco Ibañez - 2. La tradición valentina - 3. Valencia fuera de órbita | |
| 600 | 1 | 4 |
_aBlasco Ibáñez, Vicente, _d1867-1928 _929388 |
| 651 | 4 |
_aValencia- _xHistoria. _9153488 |
|
| 852 |
_aES-MaACL _jP-856-bis |
||
| 999 |
_c57551 _d57551 |
||